000
00320 a2200145 4500
001
169549
020
_a
040
_c
Magnum
100
_a
Mira Y Lopes, Emilio
240
1
0
_a
Problemas atuais de psicologia
_l
por
245
1
0
_a
Problemas atuais de psicologia
362
0
_a
1899
697
_a
PSICOLOGIA
942
_c
BK
999
_c
169549
_d
169549